| 000 | 01134nas a2200325 c 4500 | ||
|---|---|---|---|
| 001 | 25250 | ||
| 003 | ES-MaCES | ||
| 005 | 20250328121625.0 | ||
| 007 | cr ||||||||||| | ||
| 008 | 940620u1900 xxub| | |eng d | ||
| 022 | 1 | _a0577-5132 | |
| 035 |
_aCES19980002316p _z10236 |
||
| 040 |
_aES-MaCES _bspa _cES-MaCES |
||
| 245 | 0 | 0 |
_aChallenge _b: the magazine of economic affairs |
| 260 |
_aArmonk (Business Park Drive, 10, NY 10504) _bM.E. Sharpe |
||
| 300 |
_av. _c28 cm |
||
| 310 | _aBimestral | ||
| 500 | _aDescripción basada en: v. 37, no. 3 (May-June 1994) | ||
| 500 | _aTít. tomado de la cub | ||
| 541 | _cCompra | ||
| 592 | _aCancelada | ||
| 650 | 4 |
_aeconomía _926781 |
|
| 653 | 1 | 0 | _aEconomía |
| 853 | 2 | 1 |
_avol. _bno. _iaño _jmes _vr _wb |
| 856 | 4 |
_uhttps://www.tandfonline.com/loi/mcha20 _ytexto completo desde vol. 3, n. 1 (1954) hasta vol. 66, n. 5/6 (2023) _zAcceso para usuarios registrados |
|
| 866 | 0 |
_a(1993-1994) 1995-1997 (1998) 1999-2012. _zUbicación: DEPÓSITO - 10236 |
|
| 905 |
_1Boletín A _fP-OL _kSÍ _nChallen _p+ |
||
| 942 |
_2CES _cCR _h0.0. |
||
| 999 |
_c25250 _d25250 |
||